[Event "Gibraltar Chess Festival 2017 - Masters"]
[Site "Gibraltar ENG"]
[Date "2017.01.29"]
[Round "6.83"]
[White "Bach, Matthias"]
[Black "Seraoui, Mohcen"]
[Result "0-1"]
[WhiteElo "2264"]
[BlackElo "2100"]
[PlyCount "158"]
[EventDate "2017.01.24"]
[EventType "swiss"]
[EventRounds "10"]
[EventCountry "ENG"]
[SourceTitle "Ajedrez en Madrid"]
[Source "lmi"]
[SourceDate "2017.01.24"]

1. d4 Nf6 2. c4 g6 3. Nc3 Bg7 4. e4 d6 5. f4 c5 6. d5 O-O 7. Nf3 e5 8. dxe6
fxe6 9. Bd3 Nh5 10. f5 exf5 11. Bg5 Qa5 12. O-O Nc6 13. exf5 gxf5 14. Nh4 Bd4+
15. Kh1 Ng7 16. Bh6 Ne7 17. Qe2 Qd8 18. Rae1 Be5 19. Bxg7 Kxg7 20. Qh5 Bd7 21.
Nd5 Nxd5 22. cxd5 Qe8 23. Qg5+ Kh8 24. Nxf5 Bxf5 25. Bxf5 Qf7 26. Qg4 Qg7 27.
Qh3 Rf6 28. Qd3 Raf8 29. g4 Rh6 30. Re2 Qg5 31. Rg2 Rh4 32. Qd2 Qxd2 33. Rxd2
Rxg4 34. Bxg4 Rxf1+ 35. Kg2 Rb1 36. b3 Kg7 37. Bc8 b6 38. Ba6 h6 39. Kf3 Kf6
40. Bd3 Rg1 41. Rf2 Bd4 42. Re2 Be5 43. Ba6 h5 44. Bc8 Rh1 45. h3 b5 46. Rc2
Bd4 47. Re2 Be5 48. Rc2 Ke7 49. Rf2 c4 50. bxc4 bxc4 51. Ke2 Ra1 52. Ke3 Rd1
53. Be6 Rd3+ 54. Ke4 Rd4+ 55. Ke3 Bf6 56. Rd2 Rh4 57. Rg2 Bd4+ 58. Kd2 Rf4 59.
Bc8 Kf6 60. Re2 Kg5 61. Bd7 Be5 62. Kc2 Rf3 63. Re4 Rf2+ 64. Kd1 c3 65. Re2 Rf4
66. Kc2 Rd4 67. Be6 Rb4 68. Kd3 Kf4 69. Bf7 h4 70. Kc2 Kg3 71. Be6 Kf3 72. Re1
Rb2+ 73. Kd3 Rd2+ 74. Kc4 Rxa2 75. Bg4+ Kf2 76. Rc1 a5 77. Bf5 a4 78. Rc2+ Rxc2
79. Bxc2 Ke3 0-1

[Event "Gibraltar Chess Festival 2017 - Masters"]
[Site "Gibraltar ENG"]
[Date "2017.01.29"]
[Round "6.84"]
[White "Behrendt, Clemens"]
[Black "Gluhovsky, Mark"]
[Result "1/2-1/2"]
[WhiteElo "2121"]
[BlackElo "2263"]
[PlyCount "109"]
[EventDate "2017.01.24"]
[EventType "swiss"]
[EventRounds "10"]
[EventCountry "ENG"]
[SourceTitle "Ajedrez en Madrid"]
[Source "lmi"]
[SourceDate "2017.01.24"]

1. Nf3 g6 2. g3 Bg7 3. d4 Nf6 4. Bg2 O-O 5. O-O d6 6. c4 c6 7. Nc3 Qa5 8. e4
Qh5 9. Ne1 Qxd1 10. Nxd1 e5 11. d5 cxd5 12. cxd5 Bd7 13. f3 Na6 14. Rf2 Rfc8
15. Bf1 Nc5 16. Nc3 Ne8 17. Nd3 f5 18. Kg2 Na4 19. Nxa4 Bxa4 20. Ne1 Rc7 21.
Bd3 Bd7 22. Rc2 Rxc2+ 23. Nxc2 Rc8 24. Na3 a6 25. Bd2 Bf6 26. Rc1 Rxc1 27. Bxc1
Bd8 28. Bd2 Bb6 29. Nc4 Bb5 30. Bf1 Bc5 31. b4 Bd4 32. Bg5 Kf7 33. Na5 Bxf1+
34. Kxf1 b5 35. Nc6 Bc3 36. Ke2 Kg7 37. Kd3 Be1 38. a3 Nf6 39. Be3 fxe4+ 40.
fxe4 Ng4 41. Ke2 Nxe3 42. Kxe3 Bc3 43. Kd3 Bb2 44. Nb8 Bd4 45. Nxa6 Bb6 46. Ke2
Kf6 47. Kf3 Ke7 48. g4 Kd7 49. Nb8+ Ke7 50. Nc6+ Kf6 51. h4 h5 52. gxh5 gxh5
53. Ke2 Kf7 54. Kd3 Ke8 55. Ke2 1/2-1/2

[Event "Gibraltar Chess Festival 2017 - Masters"]
[Site "Gibraltar ENG"]
[Date "2017.01.29"]
[Round "6.85"]
[White "Dasaolu, Rotimi"]
[Black "Pratyusha, Bodda"]
[Result "0-1"]
[WhiteElo "2051"]
[BlackElo "2247"]
[PlyCount "202"]
[EventDate "2017.01.24"]
[EventType "swiss"]
[EventRounds "10"]
[EventCountry "ENG"]
[SourceTitle "Ajedrez en Madrid"]
[Source "lmi"]
[SourceDate "2017.01.24"]

1. Nf3 d5 2. d4 Nf6 3. Bf4 c5 4. c3 Nc6 5. e3 Qb6 6. Qb3 c4 7. Qc2 Bf5 8. Qc1
e6 9. h3 h6 10. Nbd2 Be7 11. b3 cxb3 12. axb3 O-O 13. Be2 Rfc8 14. Qb2 Ne4 15.
Nxe4 Bxe4 16. O-O Bxf3 17. Bxf3 Qd8 18. Rfc1 a5 19. Qe2 Ra6 20. Qb5 Rb6 21. Qa4
Bf8 22. Rab1 Qf6 23. Bg3 Qg6 24. Qa2 Qd3 25. e4 Nd8 26. exd5 Rxc3 27. Bc7 Rxc7
28. Rxc7 a4 29. Qc2 Qxc2 30. Rxc2 exd5 31. Bxd5 a3 32. Rc4 Rd6 33. Rc5 Rb6 34.
Ra5 Bb4 35. Ra8 Rd6 36. Bxb7 Rxd4 37. Bf3 Kh7 38. Rd1 Ne6 39. Rxd4 Nxd4 40. Bd1
Nb5 41. Bc2+ g6 42. Bd3 Nc3 43. Bc4 Kg7 44. Ra6 g5 45. g3 Ne4 46. Kg2 Nc5 47.
Ra7 Kf6 48. f4 gxf4 49. gxf4 Kf5 50. Kf3 f6 51. Bg8 Kg6 52. Bd5 Kf5 53. Kg3 Kg6
54. Kg4 f5+ 55. Kg3 Nd3 56. Ra6+ Kg7 57. Kf3 Nc1 58. Ke3 a2 59. Kd4 Be7 60. Ke5
Bf6+ 61. Kxf5 a1=Q 62. Rxa1 Bxa1 63. Kg4 Nd3 64. Bc4 Nb4 65. Kh5 Bc3 66. f5 Bd2
67. Be6 Kf6 68. Kg4 Nc2 69. Kh5 Nb4 70. Kg4 Nd3 71. Kf3 Nf4 72. Kg4 h5+ 73. Kg3
Kg5 74. h4+ Kf6 75. b4 Ke5 76. b5 Be1+ 77. Kf3 Bxh4 78. b6 Bd8 79. b7 Bc7 80.
Bd7 Kf6 81. Kg3 Kg5 82. Kh2 Bb8 83. Bc8 Nd5+ 84. Kh3 Nf6 85. Be6 Ne8 86. Bd7
Nc7 87. Be6 Nb5 88. Bd7 Nd4 89. Bc8 Ne2 90. Kg2 h4 91. Kf3 Nd4+ 92. Kf2 Nc6 93.
Kg2 Ne5 94. Kh3 Nd3 95. Kg2 Nf4+ 96. Kf3 Nd5 97. Be6 Nf6 98. Bc8 h3 99. Be6 h2
100. Kg2 Ng4 101. f6 Nf2 0-1

[Event "Gibraltar Chess Festival 2017 - Masters"]
[Site "Gibraltar ENG"]
[Date "2017.01.29"]
[Round "6.86"]
[White "Eagleton, Greg T"]
[Black "Bannink, Bernard"]
[Result "0-1"]
[WhiteElo "2055"]
[BlackElo "2244"]
[PlyCount "36"]
[EventDate "2017.01.24"]
[EventType "swiss"]
[EventRounds "10"]
[EventCountry "ENG"]
[SourceTitle "Ajedrez en Madrid"]
[Source "lmi"]
[SourceDate "2017.01.24"]

1. d4 d5 2. c4 dxc4 3. e3 Nf6 4. Bxc4 e6 5. Nf3 c5 6. O-O a6 7. a4 Nc6 8. Nc3
Qc7 9. Qe2 Be7 10. Bd2 O-O 11. Rac1 Rd8 12. dxc5 Bxc5 13. Rfd1 b6 14. Na2 a5
15. Bc3 Bb7 16. Bd4 Bxd4 17. exd4 Qf4 18. Ne5 Nxd4 0-1

[Event "Gibraltar Chess Festival 2017 - Masters"]
[Site "Gibraltar ENG"]
[Date "2017.01.29"]
[Round "6.87"]
[White "Carlsten, Peter"]
[Black "Weisbuch, Udi"]
[Result "0-1"]
[WhiteElo "2047"]
[BlackElo "2240"]
[PlyCount "42"]
[EventDate "2017.01.24"]
[EventType "swiss"]
[EventRounds "10"]
[EventCountry "ENG"]
[SourceTitle "Ajedrez en Madrid"]
[Source "lmi"]
[SourceDate "2017.01.24"]

1. e4 e6 2. d4 d5 3. Nc3 Nf6 4. e5 Nfd7 5. f4 c5 6. Nf3 Nc6 7. Be3 Be7 8. Qd2
O-O 9. O-O-O c4 10. f5 b5 11. fxe6 fxe6 12. Ne2 b4 13. c3 Qa5 14. Kb1 Rb8 15.
h4 bxc3 16. Nxc3 Ba3 17. Rc1 Rxb2+ 18. Qxb2 Bxb2 19. Kxb2 Ba6 20. Be2 Rb8+ 21.
Ka1 Qa3 0-1

[Event "Gibraltar Chess Festival 2017 - Masters"]
[Site "Gibraltar ENG"]
[Date "2017.01.29"]
[Round "6.88"]
[White "Vea, Odin Blikra"]
[Black "Lochte, Thomas"]
[Result "1/2-1/2"]
[WhiteElo "2234"]
[BlackElo "2070"]
[PlyCount "120"]
[EventDate "2017.01.24"]
[EventType "swiss"]
[EventRounds "10"]
[EventCountry "ENG"]
[SourceTitle "Ajedrez en Madrid"]
[Source "lmi"]
[SourceDate "2017.01.24"]

1. e4 e5 2. Nf3 Nc6 3. Bb5 a6 4. Ba4 Nf6 5. O-O b5 6. Bb3 Be7 7. Re1 O-O 8. h3
d6 9. c3 Be6 10. d4 Bxb3 11. Qxb3 exd4 12. cxd4 d5 13. e5 Ne4 14. Nbd2 Bb4 15.
Re2 Ng5 16. Qd3 Ne6 17. Nf1 Ba5 18. Be3 f5 19. Rc1 Qd7 20. Qc2 Nb4 21. Qb3 Nc6
22. Rec2 Ne7 23. Ng5 f4 24. Nxe6 Qxe6 25. Bd2 Bb6 26. Bb4 Rad8 27. Bxe7 Qxe7
28. Qd3 f3 29. g3 Qg5 30. Kh2 Rf4 31. Qe3 Rdf8 32. Rd1 Qg6 33. Qb3 Rh4 34.
Qxd5+ Kh8 35. Qd7 Qxc2 36. Rd2 Qc1 37. Qe7 Rxh3+ 38. Kxh3 Qxf1+ 39. Kg4 h5+ 40.
Kg5 Rg8 41. Qf7 Qh3 42. Qxf3 c5 43. Qxh5+ Qxh5+ 44. Kxh5 cxd4 45. Kg6 Re8 46.
f4 Kg8 47. g4 Re6+ 48. Kf5 Kf7 49. Ke4 Rh6 50. Rc2 Rh3 51. f5 Rg3 52. Rc6 Re3+
53. Kf4 Ba5 54. Rxa6 Bd2 55. Rd6 Rb3+ 56. Ke4 Rxb2 57. Rxd4 Rxa2 58. Rd7+ Kf8
59. Rb7 b4 60. g5 Bxg5 1/2-1/2

[Event "Gibraltar Chess Festival 2017 - Masters"]
[Site "Gibraltar ENG"]
[Date "2017.01.29"]
[Round "6.90"]
[White "Galmandakh, Badrakh"]
[Black "Berrocal Ruiz, Valentin"]
[Result "1-0"]
[WhiteElo "2215"]
[BlackElo "2042"]
[PlyCount "137"]
[EventDate "2017.01.24"]
[EventType "swiss"]
[EventRounds "10"]
[EventCountry "ENG"]
[SourceTitle "Ajedrez en Madrid"]
[Source "lmi"]
[SourceDate "2017.01.24"]

1. e4 c6 2. d3 g6 3. g3 Bg7 4. Bg2 d6 5. f4 Nf6 6. Nf3 e5 7. fxe5 dxe5 8. O-O
O-O 9. h3 Na6 10. Be3 Nh5 11. Bf2 Qe7 12. Nc3 Nc5 13. Qd2 Ne6 14. Rae1 b6 15.
Ne2 Bb7 16. g4 Nhf4 17. Be3 c5 18. Nxf4 exf4 19. Bxf4 Nxf4 20. Qxf4 Bxb2 21. g5
Rad8 22. h4 c4 23. Rd1 cxd3 24. cxd3 f6 25. gxf6 Bxf6 26. Qg3 Kh8 27. Rfe1 Qc5+
28. Kh1 Qc2 29. Rd2 Qc3 30. d4 Rxd4 31. Rde2 Rd3 32. Rf1 Bg7 33. Qg4 Bc8 34.
Qg5 h6 35. Qxg6 Rdxf3 36. Bxf3 Rxf3 37. Rxf3 Qxf3+ 38. Qg2 Qxg2+ 39. Kxg2 Be6
40. Kf3 Be5 41. Rg2 Kh7 42. h5 b5 43. Rg6 Bf7 44. Ra6 Bd4 45. Rd6 Bxh5+ 46. Kf4
Bc3 47. Rd7+ Kg6 48. Rxa7 Bd2+ 49. Ke5 Be2 50. Rc7 b4 51. Rc2 Bc3+ 52. Kd6 Bd3
53. Rg2+ Kf6 54. Rf2+ Kg5 55. e5 h5 56. e6 h4 57. e7 Bb5 58. Rf8 h3 59. Rb8 Ba4
60. Ra8 h2 61. Rxa4 Be5+ 62. Kc5 h1=Q 63. e8=Q Qe4 64. Qg8+ Kh5 65. Qd5 Qxd5+
66. Kxd5 Bc3 67. Kc4 Be1 68. Rxb4 Bxb4 69. Kxb4 1-0

[Event "Gibraltar Chess Festival 2017 - Masters"]
[Site "Gibraltar ENG"]
[Date "2017.01.29"]
[Round "6.91"]
[White "Herbold, Manfred"]
[Black "Burke, Mitchell R"]
[Result "1/2-1/2"]
[WhiteElo "2198"]
[BlackElo "1975"]
[PlyCount "93"]
[EventDate "2017.01.24"]
[EventType "swiss"]
[EventRounds "10"]
[EventCountry "ENG"]
[SourceTitle "Ajedrez en Madrid"]
[Source "lmi"]
[SourceDate "2017.01.24"]

1. e4 c5 2. d4 cxd4 3. c3 d3 4. Bxd3 d6 5. h3 Nf6 6. c4 g6 7. Nf3 Bg7 8. Nc3
O-O 9. O-O Nc6 10. Be3 Bd7 11. Qe2 Nb4 12. Bb1 a5 13. Rd1 Qc8 14. a3 Na6 15.
Ba2 Nc5 16. Nd2 a4 17. Rac1 b6 18. f3 Qb7 19. Nf1 Rfe8 20. Bf2 Rab8 21. Nb5 Nh5
22. Qd2 Be5 23. Be3 Qc8 24. g4 Ng3 25. Nxg3 Bxg3 26. Qg2 Be5 27. Nc3 b5 28.
cxb5 Bxb5 29. Nd5 Bc6 30. Nb4 Ba8 31. Qf2 Qb7 32. Bxc5 dxc5 33. Rxc5 Bd6 34.
Rc4 Rec8 35. Rdc1 Rxc4 36. Rxc4 Rc8 37. Qc2 Rxc4 38. Qxc4 Qa7+ 39. Kg2 e6 40.
g5 Bb7 41. Qc3 Qb8 42. Nd3 Ba6 43. e5 Bxd3 44. exd6 Qxd6 45. Qc8+ Kg7 46. Qc3+
Kg8 47. Qc8+ 1/2-1/2

[Event "Gibraltar Chess Festival 2017 - Masters"]
[Site "Gibraltar ENG"]
[Date "2017.01.29"]
[Round "6.92"]
[White "Skou, Niels"]
[Black "Bellon Lopez, Juan Manuel"]
[Result "0-1"]
[WhiteElo "2025"]
[BlackElo "2339"]
[PlyCount "46"]
[EventDate "2017.01.24"]
[EventType "swiss"]
[EventRounds "10"]
[EventCountry "ENG"]
[SourceTitle "Ajedrez en Madrid"]
[Source "lmi"]
[SourceDate "2017.01.24"]

1. d4 d5 2. c4 c6 3. cxd5 cxd5 4. Nf3 Nc6 5. Bf4 a6 6. Nc3 Nf6 7. e3 Bg4 8. Qb3
Bxf3 9. gxf3 Ra7 10. Bd3 e6 11. Rg1 Nh5 12. Bg3 Be7 13. Rc1 O-O 14. Qc2 g6 15.
a3 f5 16. Ne2 Bd6 17. Bxd6 Qxd6 18. f4 Raa8 19. Nc3 Nxf4 20. Bf1 Nh5 21. Qd1
Qxh2 22. Rg2 Qh4 23. Be2 f4 0-1

[Event "Gibraltar Chess Festival 2017 - Masters"]
[Site "Gibraltar ENG"]
[Date "2017.01.29"]
[Round "6.93"]
[White "Povah, Nigel E"]
[Black "Suez-Panama, Gilles"]
[Result "1-0"]
[WhiteElo "2298"]
[BlackElo "2010"]
[PlyCount "49"]
[EventDate "2017.01.24"]
[EventType "swiss"]
[EventRounds "10"]
[EventCountry "ENG"]
[SourceTitle "Ajedrez en Madrid"]
[Source "lmi"]
[SourceDate "2017.01.24"]

1. d4 Nf6 2. Nf3 g6 3. Nc3 d5 4. Bf4 c6 5. Qd2 h6 6. Ne5 Nbd7 7. f3 Nxe5 8.
Bxe5 Bg7 9. g4 b6 10. O-O-O Bb7 11. h4 Kd7 12. e4 a6 13. exd5 cxd5 14. Na4 Rc8
15. Qb4 Rc6 16. Nc5+ Kc8 17. Bxa6 Bxa6 18. Nxa6 Ne8 19. Bxg7 Nxg7 20. Rd3 Ne6
21. Qa4 Rc4 22. Nb4 Nf4 23. Ra3 Qd6 24. Qa8+ Qb8 25. Nxd5 1-0

[Event "Gibraltar Chess Festival 2017 - Masters"]
[Site "Gibraltar ENG"]
[Date "2017.01.29"]
[Round "6.94"]
[White "Byrn, Carsten"]
[Black "Verneuil, Pascal"]
[Result "0-1"]
[WhiteElo "2003"]
[BlackElo "2215"]
[PlyCount "72"]
[EventDate "2017.01.24"]
[EventType "swiss"]
[EventRounds "10"]
[EventCountry "ENG"]
[SourceTitle "Ajedrez en Madrid"]
[Source "lmi"]
[SourceDate "2017.01.24"]

1. c4 Nf6 2. g3 e5 3. Nc3 Nc6 4. Nf3 Bb4 5. Bg2 O-O 6. O-O Bxc3 7. bxc3 e4 8.
Ng5 Re8 9. d3 exd3 10. exd3 h6 11. Ne4 d6 12. Be3 Ng4 13. Bd4 f5 14. Nd2 Nxd4
15. cxd4 c6 16. h3 Nf6 17. Qb3 Kh7 18. Rae1 Re7 19. Qc3 Be6 20. Re2 Qd7 21.
Rfe1 Rae8 22. f4 Bf7 23. Kf2 Rxe2+ 24. Rxe2 Rxe2+ 25. Kxe2 Qe8+ 26. Kf2 b5 27.
a3 bxc4 28. dxc4 Ne4+ 29. Bxe4 fxe4 30. Qe3 d5 31. c5 Qc8 32. g4 Qb7 33. Qb3
Qc7 34. Qe3 Qa5 35. f5 Qa4 36. Qb3 Qxd4+ 0-1

[Event "Gibraltar Chess Festival 2017 - Masters"]
[Site "Gibraltar ENG"]
[Date "2017.01.29"]
[Round "6.95"]
[White "Semprun Martinez, Fernando"]
[Black "Noordhoek, Henk"]
[Result "1-0"]
[WhiteElo "2174"]
[BlackElo "2004"]
[PlyCount "117"]
[EventDate "2017.01.24"]
[EventType "swiss"]
[EventRounds "10"]
[EventCountry "ENG"]
[SourceTitle "Ajedrez en Madrid"]
[Source "lmi"]
[SourceDate "2017.01.24"]

1. e4 Nf6 2. e5 Nd5 3. d4 d6 4. c4 Nb6 5. f4 Bf5 6. Nc3 e6 7. exd6 cxd6 8. Nf3
Be7 9. Bd3 Bxd3 10. Qxd3 Bf6 11. O-O O-O 12. b3 Nc6 13. Rb1 a5 14. Be3 d5 15.
c5 Nc8 16. Ne5 N8e7 17. Na4 g6 18. Nb6 Ra7 19. Ned7 Bg7 20. Nxf8 Nf5 21. Nxe6
fxe6 22. Kh1 Qh4 23. Rf3 Ncxd4 24. Bf2 Qd8 25. Bxd4 Nxd4 26. Rff1 Qc7 27. Rbc1
Qc6 28. Rfe1 Nf5 29. Qe2 Kf7 30. Qd3 Bb2 31. Rc2 Ba3 32. Rce2 Ng7 33. Na4 Ra8
34. Rc2 Re8 35. h3 h5 36. g3 Nf5 37. Kh2 Rd8 38. Re5 d4 39. Nb6 Re8 40. Nc4 Bb4
41. Rxf5+ exf5 42. Nd6+ Kf8 43. Qxd4 Re6 44. Qh8+ Ke7 45. Qg7+ Kd8 46. Qg8+ Kd7
47. Qf7+ Re7 48. Qxg6 Re1 49. Qxf5+ Kd8 50. Rg2 b6 51. Nf7+ Ke7 52. Ne5 Qb5 53.
Qf7+ Kd8 54. Qf8+ Kc7 55. Qd6+ Kc8 56. Qxb6 Qxb6 57. cxb6 h4 58. Nd3 hxg3+ 59.
Rxg3 1-0

[Event "Gibraltar Chess Festival 2017 - Masters"]
[Site "Gibraltar ENG"]
[Date "2017.01.29"]
[Round "6.96"]
[White "Aroven, Mikael"]
[Black "Gillis Onieva, Celia"]
[Result "0-1"]
[WhiteElo "2172"]
[BlackElo "1966"]
[PlyCount "100"]
[EventDate "2017.01.24"]
[EventType "swiss"]
[EventRounds "10"]
[EventCountry "ENG"]
[SourceTitle "Ajedrez en Madrid"]
[Source "lmi"]
[SourceDate "2017.01.24"]

1. b3 Nf6 2. Bb2 g6 3. e3 Bg7 4. Be2 O-O 5. g4 d5 6. h4 c5 7. g5 Ne4 8. Bxg7
Kxg7 9. d3 Qa5+ 10. Kf1 Nd6 11. Bf3 d4 12. e4 Nc6 13. Nh3 f5 14. e5 Nxe5 15. h5
Bd7 16. Nd2 Rae8 17. Nf4 Nxf3 18. Nxf3 e5 19. Nd5 Qd8 20. Nf6 Rxf6 21. gxf6+
Qxf6 22. Qd2 Nf7 23. h6+ Kg8 24. Nh4 e4 25. Re1 Bc6 26. Qf4 Qe5 27. Ng2 g5 28.
Qh2 Qxh2 29. Rxh2 Ne5 30. Rh5 Nf3 31. Re2 Kf7 32. Ne1 Kg6 33. Rh3 Ne5 34. dxe4
fxe4 35. Rd2 Nf7 36. b4 b6 37. bxc5 bxc5 38. Ra3 Bb5+ 39. Kg1 a6 40. Ra5 Ne5
41. a4 Nc4 42. axb5 Nxa5 43. c3 axb5 44. cxd4 Nb3 45. Rc2 cxd4 46. Rb2 d3 47.
Ng2 Nd4 48. Ne3 Kxh6 49. Rb4 Rd8 50. Kf1 Kg6 0-1

[Event "Gibraltar Chess Festival 2017 - Masters"]
[Site "Gibraltar ENG"]
[Date "2017.01.29"]
[Round "6.97"]
[White "Alberto, Manuel"]
[Black "Van Kemenade, Rudy"]
[Result "1-0"]
[WhiteElo "2168"]
[BlackElo "1955"]
[PlyCount "63"]
[EventDate "2017.01.24"]
[EventType "swiss"]
[EventRounds "10"]
[EventCountry "ENG"]
[SourceTitle "Ajedrez en Madrid"]
[Source "lmi"]
[SourceDate "2017.01.24"]

1. e4 e5 2. Nf3 Nf6 3. Nxe5 d6 4. Nf3 Nxe4 5. Nc3 d5 6. d4 Bb4 7. Bd2 Nxd2 8.
Qxd2 c6 9. a3 Ba5 10. Bd3 Qe7+ 11. Be2 O-O 12. O-O Bg4 13. Rfe1 Nd7 14. h3 Bh5
15. Nxd5 Qd8 16. Nb4 Qf6 17. Qg5 Bxf3 18. Qxf6 Nxf6 19. Bxf3 Rfd8 20. c3 Bxb4
21. axb4 a6 22. Re7 Rd7 23. Rxd7 Nxd7 24. b5 Nb8 25. bxc6 bxc6 26. b4 Ra7 27.
Kf1 Kf8 28. Ke2 Re7+ 29. Kd3 Rd7 30. Kc4 Rd6 31. Kc5 Ke7 32. Re1+ 1-0

[Event "Gibraltar Chess Festival 2017 - Masters"]
[Site "Gibraltar ENG"]
[Date "2017.01.29"]
[Round "6.98"]
[White "Seyfried, Claus"]
[Black "Slinger, Tony J"]
[Result "1/2-1/2"]
[WhiteElo "2152"]
[BlackElo "1911"]
[PlyCount "62"]
[EventDate "2017.01.24"]
[EventType "swiss"]
[EventRounds "10"]
[EventCountry "ENG"]
[SourceTitle "Ajedrez en Madrid"]
[Source "lmi"]
[SourceDate "2017.01.24"]

1. e4 e5 2. Nf3 Nc6 3. d4 exd4 4. Nxd4 Nf6 5. Nc3 Bb4 6. Nxc6 bxc6 7. Bd3 d5 8.
exd5 cxd5 9. O-O O-O 10. h3 c6 11. Qf3 h6 12. Ne2 Re8 13. Nd4 Bd7 14. c4 Bf8
15. cxd5 Nxd5 16. Bc4 Qa5 17. Be3 g6 18. Rac1 Bg7 19. Rfd1 Re7 20. Nb3 Qxa2 21.
Bc5 Rae8 22. Bxe7 Rxe7 23. Nd4 Qxb2 24. Rb1 Qc3 25. Rb8+ Kh7 26. Nxc6 Re1+ 27.
Rxe1 Qxe1+ 28. Kh2 Bxc6 29. Rc8 Qe6 30. Rxc6 Qxc6 31. Bxd5 Qc7+ 1/2-1/2

[Event "Gibraltar Chess Festival 2017 - Masters"]
[Site "Gibraltar ENG"]
[Date "2017.01.29"]
[Round "6.99"]
[White "Herzwurm, Robert"]
[Black "Minnema, Rens"]
[Result "1-0"]
[WhiteElo "2143"]
[BlackElo "1893"]
[PlyCount "81"]
[EventDate "2017.01.24"]
[EventType "swiss"]
[EventRounds "10"]
[EventCountry "ENG"]
[SourceTitle "Ajedrez en Madrid"]
[Source "lmi"]
[SourceDate "2017.01.24"]

1. e4 c5 2. Nc3 Nc6 3. f4 d6 4. Nf3 Bg4 5. Bb5 a6 6. Bxc6+ bxc6 7. d3 g6 8. h3
Bxf3 9. Qxf3 Bg7 10. O-O Qc7 11. e5 d5 12. Qf2 Qa7 13. Na4 d4 14. b3 e6 15. Ba3
Bf8 16. g4 Nh6 17. Rac1 Rc8 18. c3 Be7 19. cxd4 cxd4 20. Bxe7 Qxe7 21. Nc5 O-O
22. Ne4 Qd8 23. Rc5 Kg7 24. Rfc1 Ng8 25. R1c4 Ne7 26. Nd6 Rb8 27. Rxd4 Qc7 28.
Rdc4 f5 29. gxf5 gxf5 30. Kh2 Rb6 31. Rc1 Nd5 32. Rg1+ Kh8 33. Qg3 Rb4 34. Rxc6
Qe7 35. Rc4 Rbb8 36. Qg5 Qa7 37. Qh5 Qf2+ 38. Rg2 Nxf4 39. Qxh7+ Kxh7 40. Rxf2
Nxd3 41. Rh4+ 1-0

[Event "Gibraltar Chess Festival 2017 - Masters"]
[Site "Gibraltar ENG"]
[Date "2017.01.29"]
[Round "6.100"]
[White "Agbabishvili, Lali"]
[Black "Newbry, Benjamin J"]
[Result "1-0"]
[WhiteElo "2095"]
[BlackElo "1879"]
[PlyCount "103"]
[EventDate "2017.01.24"]
[EventType "swiss"]
[EventRounds "10"]
[EventCountry "ENG"]
[SourceTitle "Ajedrez en Madrid"]
[Source "lmi"]
[SourceDate "2017.01.24"]

1. d4 b6 2. e4 Bb7 3. Nc3 e6 4. a3 Nf6 5. f3 d5 6. exd5 Nxd5 7. Nxd5 Qxd5 8.
Bd3 Qd8 9. Ne2 Qh4+ 10. Kf1 Bd6 11. Be3 O-O 12. Qe1 Qe7 13. Bf4 Nd7 14. Bxd6
cxd6 15. h4 f5 16. Nf4 e5 17. Bc4+ Kh8 18. Bd5 Ba6+ 19. Kf2 Rac8 20. c3 Bc4 21.
Bxc4 Rxc4 22. Nd3 Qf6 23. dxe5 dxe5 24. g3 e4 25. fxe4 fxe4+ 26. Nf4 Ne5 27.
Kg2 Nd3 28. Nxd3 Qf3+ 29. Kh2 exd3 30. Rf1 Qa8 31. Rxf8+ Qxf8 32. Rd1 Qb8 33.
Kg2 Qb7+ 34. Kg1 Re4 35. Qf1 Qe7 36. Qxd3 Re1+ 37. Rxe1 Qxe1+ 38. Kg2 h6 39. c4
Qe5 40. b4 a5 41. Qd8+ Kh7 42. Qxb6 Qe2+ 43. Qf2 Qxc4 44. Qf5+ Kg8 45. bxa5
Qa2+ 46. Kh3 Qxa3 47. Qc8+ Kf7 48. a6 Qd3 49. Qb7+ Kg6 50. Qc6+ Kh7 51. a7 Qf5+
52. Kg2 1-0

[Event "Gibraltar Chess Festival 2017 - Masters"]
[Site "Gibraltar ENG"]
[Date "2017.01.29"]
[Round "6.101"]
[White "Press, Shaun"]
[Black "Compton, Alistair"]
[Result "1/2-1/2"]
[WhiteElo "1970"]
[BlackElo "2094"]
[PlyCount "61"]
[EventDate "2017.01.24"]
[EventType "swiss"]
[EventRounds "10"]
[EventCountry "ENG"]
[SourceTitle "Ajedrez en Madrid"]
[Source "lmi"]
[SourceDate "2017.01.24"]

1. e4 e6 2. d4 d5 3. Nc3 dxe4 4. Nxe4 Bd7 5. c3 Bc6 6. Ng3 Nd7 7. Nf3 Qf6 8.
Be2 h6 9. O-O g5 10. Nd2 O-O-O 11. Nde4 Qe7 12. Re1 Ngf6 13. Bf3 g4 14. Bxg4
Nxg4 15. Qxg4 f5 16. Nxf5 exf5 17. Qxf5 Qh7 18. Qxh7 Rxh7 19. Bf4 Re7 20. Ng3
Rde8 21. Rxe7 Rxe7 22. c4 Nb6 23. b3 Bd7 24. Rd1 Rf7 25. Be3 Kb8 26. h3 Nc8 27.
Nh5 Nd6 28. Ng3 Nf5 29. Nxf5 Rxf5 30. g4 Rf6 31. f4 1/2-1/2

[Event "Gibraltar Chess Festival 2017 - Masters"]
[Site "Gibraltar ENG"]
[Date "2017.01.29"]
[Round "6.102"]
[White "Korning, Peter"]
[Black "Christophe-Hayot, Romain"]
[Result "1-0"]
[WhiteElo "2080"]
[BlackElo "1784"]
[PlyCount "89"]
[EventDate "2017.01.24"]
[EventType "swiss"]
[EventRounds "10"]
[EventCountry "ENG"]
[SourceTitle "Ajedrez en Madrid"]
[Source "lmi"]
[SourceDate "2017.01.24"]

1. e4 d5 2. exd5 Nf6 3. c4 c6 4. Nc3 cxd5 5. d4 e6 6. Nf3 Be7 7. Bd3 a6 8. c5
b5 9. O-O Nc6 10. Re1 Qc7 11. Bg5 Ng4 12. Bxe7 Nxe7 13. h3 Nf6 14. Ne5 Bb7 15.
Qe2 Nc6 16. Nxc6 Bxc6 17. b4 Qf4 18. Nxb5 axb5 19. Bxb5 Bxb5 20. Qxb5+ Kf8 21.
c6 g6 22. Qc5+ Kg7 23. a4 Ne4 24. Qc2 Nd6 25. Qc3 Nc4 26. b5 Rhb8 27. Reb1 Qc7
28. Qb4 Ra5 29. Rc1 Rba8 30. Rxc4 dxc4 31. Qxc4 Kf8 32. Qc5+ Ke8 33. d5 Rd8 34.
dxe6 fxe6 35. Qc3 Kf7 36. Qf3+ Kg8 37. Qb3 Qe5 38. Rb1 Rd4 39. b6 Raxa4 40. c7
Rdc4 41. b7 Qxc7 42. b8=Q+ Qxb8 43. Qxb8+ Kg7 44. Rb7+ Kh6 45. Qf8+ 1-0

[Event "Gibraltar Chess Festival 2017 - Masters"]
[Site "Gibraltar ENG"]
[Date "2017.01.29"]
[Round "6.103"]
[White "Kozarcanin, Sead"]
[Black "Chilton, James I"]
[Result "1-0"]
[WhiteElo "2069"]
[BlackElo "1756"]
[PlyCount "59"]
[EventDate "2017.01.24"]
[EventType "swiss"]
[EventRounds "10"]
[EventCountry "ENG"]
[SourceTitle "Ajedrez en Madrid"]
[Source "lmi"]
[SourceDate "2017.01.24"]

1. Nf3 d5 2. d3 c5 3. g3 Nc6 4. Bg2 e5 5. Nbd2 Nf6 6. e4 dxe4 7. dxe4 Bg4 8. h3
Bh5 9. O-O Qc7 10. c3 Rd8 11. Qc2 Be7 12. a4 O-O 13. Nc4 Rd7 14. Bg5 Rfd8 15.
Nh4 Na5 16. Nxa5 Qxa5 17. Nf5 Kf8 18. Nxe7 Kxe7 19. f4 Rd2 20. Qb3 Be2 21. fxe5
Bxf1 22. Rxf1 c4 23. Qa3+ Ke6 24. Bxd2 Qb6+ 25. Kh2 Nxe4 26. Bf4 g5 27. Bxg5
Nf2 28. Qe7+ Kf5 29. Rxf2+ Qxf2 30. Qf6# 1-0